UEBA Experiences with DT Methods and PBL in Teaching Process

Uložené v:
Podrobná bibliografia
Hlavný autor: Orgonáš, Jozef, 1957-
Médium: Kapitola
Jazyk:English
Tagy: Pridať tag
Žiadne tagy, Buďte prvý, kto otaguje tento záznam!

MARC

LEADER 00000naa$a2200000$$$4500
001 0249927
005 20240502083712.5
041 0 |a eng 
044 |a GB 
245 1 0 |a UEBA Experiences with DT Methods and PBL in Teaching Process  |c Jozef Orgonáš 
500 |a Prezentácia 
100 1 |a Orgonáš, Jozef, 1957-